| 000 -LEADER |
| fixed length control field |
00668nam a22001337a 4500 |
| 040 ## - CATALOGING SOURCE |
| Transcribing agency |
RUA |
| 082 ## - DEWEY DECIMAL CLASSIFICATION NUMBER |
| Classification number |
AGR NGE 2011 B048 Or.1 |
| 100 ## - MAIN ENTRY--AUTHOR NAME |
| Personal name |
NGET, SOPHA. |
| 245 ## - TITLE STATEMENT |
| Title |
Comparison of irrigation systems on tomato neang phech variety on sandy loam soil connectior ប្រៀបធៀបបច្ចេកទេសស្រោចស្រពលើដំណាំប៉េងប៉ោះពូជនាងពេជ្រលក្ខខណ្ឌដីល្បាយខ្សាច់ |
| 260 ## - PUBLICATION, DISTRIBUTION, ETC. (IMPRINT) |
| Place of publication |
Phnom Penh |
| Name of publisher |
RUA |
| Year of publication |
2011 |
| 300 ## - PHYSICAL DESCRIPTION |
| Number of Pages |
ix, 38p. |
| Other physical details |
ill. |
| Dimensions |
29cm. |
| 856 ## - ELECTRONIC LOCATION AND ACCESS |
| Uniform Resource Identifier |
https://drive.google.com/file/d/1O6MHqt6FKYYx_8uah8XxW-C8Y1T1JLrt/view?usp=sharing |
| 942 ## - ADDED ENTRY ELEMENTS (KOHA) |
| Koha item type |
AGR |
| 952 ## - LOCATION AND ITEM INFORMATION (KOHA) |
| Withdrawn status [LOCAL, KOHA] |
0 |
| 952 ## - LOCATION AND ITEM INFORMATION (KOHA) |
| Withdrawn status [LOCAL, KOHA] |
0 |
| 952 ## - LOCATION AND ITEM INFORMATION (KOHA) |
| Withdrawn status [LOCAL, KOHA] |
0 |
| 952 ## - LOCATION AND ITEM INFORMATION (KOHA) |
| Withdrawn status [LOCAL, KOHA] |
0 |
| 952 ## - LOCATION AND ITEM INFORMATION (KOHA) |
| Withdrawn status [LOCAL, KOHA] |
0 |